| 000 | 01176cam a22002531i 4500 | ||
|---|---|---|---|
| 003 | SA-RiAUC | ||
| 005 | 20260119135634.0 | ||
| 008 | 260108q19001999xx g 000 0 ara c | ||
| 040 |
_aSA-JeALM _bara _cSA-RiAUC _erda |
||
| 082 | 0 | 4 | _a258.2 |
| 090 |
_aم ن 258.2 _bش ن ق |
||
| 100 | 1 |
_aالشنقيطي، محمد الخضر بن عبد الله بن أحمد، _d1289-1353 هجري _eمؤلف. |
|
| 245 | 1 | 0 |
_aإبرام النقض لما قيل من أرجحية القبض / _cمحمد الخضر عبد الله الجكني الشنقيطي. |
| 264 | 1 |
_a[مكان النشر غير محدد] : _b[الناشر غير محدد]، _c[بين 1900 و1999] |
|
| 264 | 3 |
_a[مكان الطبع غير محدد] : _bمطبعة الحاج عبد السلام بن محمد بن شقرون |
|
| 300 |
_a48 صفحة؛ _c29 سم. |
||
| 336 |
_aنص _btxt _2rdacontent _3كتاب |
||
| 337 |
_aبدون وسيط _bn _2rdamedia |
||
| 338 |
_aمجلد _bnc _2rdacarrier |
||
| 500 | _aتوجد ملاحظات من الشيخ في داخل الكتاب. | ||
| 650 | 7 |
_aالفقه المالكي _2aucsh |
|
| 942 |
_2ddc _cRBOOK COPY _n0 |
||
| 949 |
_aSA-JeALM _d260108 _umohamedma123 _n1 |
||
| 999 |
_c14108 _d14108 |
||